[Event "European Youth Chess Championship B18"]
[Site "Prague, Top Hotel Prague"]
[Date "2016.08.22"]
[Round "5.11"]
[White "Carnicelli, Valerio"]
[Black "Rydl, Jiri"]
[Result "1-0"]
[WhiteElo "2244"]
[BlackElo "2401"]
[PlyCount "43"]
[EventDate "2016.08.18"]

1. e4 d6 2. d4 Nf6 3. Nc3 e5 4. f3 Be7 5. Be3 c6 6. Qd2 Qa5 7. g4 b5 8. Nge2
Nbd7 9. Ng3 exd4 10. Bxd4 Ne5 11. Be2 h6 12. O-O O-O 13. Nf5 Bxf5 14. gxf5 Rfe8
15. Kh1 Bf8 16. Rg1 Kh7 17. a3 Rad8 18. f4 Ned7 19. Bf3 c5 20. Bf2 Be7 21. Bh4
Nxe4 22. Qg2 1-0

[Event "European Youth Chess Championship B18"]
[Site "Prague, Top Hotel Prague"]
[Date "2016.08.22"]
[Round "5.12"]
[White "Livaic, Leon"]
[Black "Alexiadis, Hristos"]
[Result "0-1"]
[WhiteElo "2444"]
[BlackElo "2226"]
[PlyCount "98"]
[EventDate "2016.08.18"]

1. d4 Nf6 2. c4 e6 3. Nc3 Bb4 4. f3 O-O 5. a3 Bxc3+ 6. bxc3 Nh5 7. Nh3 f5 8.
Nf2 d6 9. e3 Nf6 10. Bd3 Nc6 11. O-O e5 12. Qc2 g6 13. a4 b6 14. Ba3 Qe8 15.
Rfe1 Ba6 16. e4 f4 17. c5 Bxd3 18. Nxd3 dxc5 19. dxe5 Nh5 20. Rad1 Ng7 21. Rd2
Rf7 22. Red1 Ne6 23. Qa2 Kg7 24. Bb2 Rd8 25. Nf2 Rxd2 26. Rxd2 Rd7 27. Rd5 h5
28. Rxd7+ Qxd7 29. Qd5 Nb8 30. Bc1 h4 31. h3 c6 32. Qb3 Qe7 33. Ng4 Nd7 34. Qd1
g5 35. Qd3 c4 36. Qd1 Ndc5 37. Ba3 Qd7 38. Qa1 Nb3 39. Qe1 Qd2 40. Qxd2 Nxd2
41. Kf2 Nb1 42. Bb2 Nc5 43. Ke2 Nxa4 44. Ba1 Kf7 45. Kd1 Ke6 46. Kc2 Na3+ 47.
Kc1 Nc5 48. Kd1 Nd3 49. Nf6 Nxe5 0-1

[Event "European Youth Chess Championship B18"]
[Site "Prague, Top Hotel Prague"]
[Date "2016.08.22"]
[Round "5.13"]
[White "Pulpan, Jakub"]
[Black "Blahynka, Martin"]
[Result "1-0"]
[WhiteElo "2321"]
[BlackElo "2431"]
[PlyCount "117"]
[EventDate "2016.08.18"]

1. e4 e5 2. Nf3 Nc6 3. Bc4 Bc5 4. c3 Nf6 5. d4 exd4 6. cxd4 Bb4+ 7. Nbd2 d5 8.
exd5 Nxd5 9. O-O O-O 10. a3 Be7 11. Re1 Bf5 12. h3 Nb6 13. Ba2 Bf6 14. Nb3 Qd6
15. Nc5 Nxd4 16. Nxb7 Nxf3+ 17. Qxf3 Qd3 18. Re3 Qb5 19. a4 Nxa4 20. Bb3 Nc3
21. Rxc3 Bxc3 22. Ba4 Qd3 23. Qxd3 Bxd3 24. bxc3 Be4 25. Nc5 Bd5 26. Na6 c6 27.
Nc7 Rab8 28. Nxd5 cxd5 29. Bc6 Rfd8 30. Ba3 d4 31. cxd4 Rxd4 32. Bc5 Rc4 33.
Bxa7 Rc8 34. Bf3 Rc1+ 35. Rxc1 Rxc1+ 36. Kh2 Ra1 37. Be3 Ra5 38. g4 f6 39. h4
g5 40. h5 f5 41. gxf5 Rxf5 42. Bg4 Ra5 43. h6 Kf7 44. Bh5+ Ke6 45. Kg3 Kf5 46.
Bd4 Ra3+ 47. f3 Ra4 48. Bg7 Rb4 49. Bg4+ Kg6 50. Be6 Ra4 51. Bd5 Kf5 52. Be4+
Rxe4 53. fxe4+ Kxe4 54. Kg4 Kd5 55. Kf5 Kd6 56. Bf8+ Kd5 57. Be7 g4 58. Bh4 Kd4
59. Bf6+ 1-0

[Event "European Youth Chess Championship B18"]
[Site "Prague, Top Hotel Prague"]
[Date "2016.08.22"]
[Round "5.14"]
[White "Suarez, Gomez Julio"]
[Black "Toma, Radu-Cristian"]
[Result "1/2-1/2"]
[WhiteElo "2429"]
[BlackElo "2303"]
[PlyCount "141"]
[EventDate "2016.08.18"]

1. e4 c5 2. Nf3 e6 3. d4 cxd4 4. Nxd4 a6 5. Bd3 Qc7 6. O-O Nf6 7. Qe2 d6 8. c4
g6 9. Nc3 Bg7 10. Nf3 O-O 11. h3 Nc6 12. Be3 Nd7 13. Rac1 Nde5 14. Na4 Nxf3+
15. Qxf3 Nd4 16. Qd1 Bd7 17. Nc3 Rac8 18. Qd2 Qb8 19. f4 b5 20. cxb5 Nxb5 21.
Ne2 d5 22. Rxc8 Rxc8 23. exd5 exd5 24. f5 Bxf5 25. Bxf5 gxf5 26. Rxf5 Nd6 27.
Rf3 Qxb2 28. Qxd5 Qxe2 29. Qxd6 Re8 30. Bf4 Qe6 31. Qxe6 Rxe6 32. Rb3 Bd4+ 33.
Kh2 Be5 34. Bg3 Kg7 35. Ra3 Kf6 36. h4 Kf5 37. Rf3+ Kg6 38. Kh3 Bd4 39. Rd3 Bb6
40. Rd5 f5 41. Be5 Rc6 42. Rd7 Re6 43. Bf4 Be3 44. h5+ Kf6 45. Bc7 h6 46. g4
Bb6 47. Bf4 Be3 48. gxf5 Kxf5 49. Rf7+ Ke4 50. Kg4 Bxf4 51. Rxf4+ Ke5 52. Rf5+
Kd6 53. Rf7 Ke5 54. Rg7 Rf6 55. Rg6 Rxg6+ 56. hxg6 Kf6 57. Kh5 Kg7 58. a3 a5
59. a4 Kg8 60. Kxh6 Kh8 61. Kg5 Kg7 62. Kf5 Kg8 63. Ke5 Kg7 64. Kd5 Kxg6 65.
Kc5 Kf7 66. Kb5 Ke8 67. Kxa5 Kd8 68. Kb6 Kc8 69. a5 Kb8 70. a6 Ka8 71. a7
1/2-1/2

[Event "European Youth Chess Championship B18"]
[Site "Prague, Top Hotel Prague"]
[Date "2016.08.22"]
[Round "5.15"]
[White "Meunier, Clement"]
[Black "Kantor, Gergely"]
[Result "1/2-1/2"]
[WhiteElo "2293"]
[BlackElo "2411"]
[PlyCount "62"]
[EventDate "2016.08.18"]

1. e4 e5 2. Nf3 Nc6 3. Bb5 a6 4. Ba4 Nf6 5. O-O Be7 6. Re1 b5 7. Bb3 O-O 8. d4
d6 9. c3 Bg4 10. d5 Na5 11. Bc2 c6 12. h3 Bc8 13. dxc6 Qc7 14. Nbd2 Qxc6 15.
Nf1 Be6 16. a4 Rfc8 17. Ng5 Bd7 18. Ne3 h6 19. Nd5 Bd8 20. Nf3 Be6 21. Nxf6+
Bxf6 22. Nh2 b4 23. Ng4 Bxg4 24. Qxg4 bxc3 25. b4 Nc4 26. Bxh6 Rab8 27. Rad1
Kf8 28. Bc1 Rxb4 29. Rd3 Nb2 30. Rxd6 Qc4 31. Bg5 Bxg5 1/2-1/2

[Event "European Youth Chess Championship B18"]
[Site "Prague, Top Hotel Prague"]
[Date "2016.08.22"]
[Round "5.16"]
[White "Juhasz, Armin"]
[Black "Winiarski, Mikolaj"]
[Result "1/2-1/2"]
[WhiteElo "2411"]
[BlackElo "2285"]
[PlyCount "52"]
[EventDate "2016.08.18"]

1. Nf3 d5 2. g3 Nf6 3. Bg2 e6 4. d4 c5 5. c4 cxd4 6. O-O Nc6 7. cxd5 exd5 8.
Nxd4 Be7 9. Nc3 O-O 10. Bf4 Be6 11. Rc1 Rc8 12. Nxe6 fxe6 13. Bh3 Qd7 14. e4
Rcd8 15. Re1 d4 16. Qb3 Kh8 17. Nb5 Bb4 18. Red1 Qe7 19. Bc7 Rde8 20. a3 a6 21.
Nxd4 Nxd4 22. Rxd4 Bc5 23. Rdc4 Nxe4 24. Rxe4 Qxc7 25. Rf1 e5 26. Kg2 b5
1/2-1/2

[Event "European Youth Chess Championship B18"]
[Site "Prague, Top Hotel Prague"]
[Date "2016.08.22"]
[Round "5.17"]
[White "Christiansen, Johan-Sebastian"]
[Black "Rajkovic, Mladen"]
[Result "1-0"]
[WhiteElo "2404"]
[BlackElo "2286"]
[PlyCount "93"]
[EventDate "2016.08.18"]

1. Nf3 d5 2. c4 d4 3. e3 Nc6 4. b4 dxe3 5. fxe3 Nxb4 6. d4 e5 7. a3 Nc6 8. Be2
e4 9. Nfd2 f5 10. O-O Qh4 11. c5 Nf6 12. Nc3 h5 13. Rf2 Be6 14. Rb1 b6 15. Bb5
Bd7 16. Nf1 g6 17. Qa4 Nb8 18. cxb6 cxb6 19. Qc4 Ng4 20. Rc2 Bd6 21. Qe6+ Qe7
22. Bxd7+ Nxd7 23. Qxg6+ Kd8 24. Nd5 Qf8 25. Qg5+ Ke8 26. h3 Qf7 27. Nc7+ Bxc7
28. Rxc7 Nh6 29. Rb5 a6 30. Rxb6 Nxb6 31. Rxf7 Kxf7 32. Qxh5+ Kf6 33. d5 Nc4
34. Ng3 Rab8 35. Qe2 Rhc8 36. Nh5+ Ke7 37. Nf4 Nf7 38. Kh2 a5 39. Qh5 Nfd6 40.
Qh7+ Ke8 41. Qg6+ Ke7 42. Bd2 Nxd2 43. Qe6+ Kf8 44. Qxd6+ Kg7 45. Qe7+ Kh6 46.
Qf6+ Kh7 47. Qf7+ 1-0

[Event "European Youth Chess Championship B18"]
[Site "Prague, Top Hotel Prague"]
[Date "2016.08.22"]
[Round "5.18"]
[White "Nikolovski, Nikola"]
[Black "Haria, Ravi"]
[Result "1-0"]
[WhiteElo "2252"]
[BlackElo "2394"]
[PlyCount "183"]
[EventDate "2016.08.18"]

1. f4 Nf6 2. Nf3 c5 3. d3 d6 4. e4 Nc6 5. Be2 e5 6. O-O Be7 7. Nc3 O-O 8. h3
Re8 9. Qe1 h6 10. a4 exf4 11. Bxf4 Be6 12. Qf2 d5 13. e5 Nh7 14. Rae1 a6 15.
Bd1 Rc8 16. Ne2 Ng5 17. Nh2 Rf8 18. Ng3 f6 19. exf6 Bxf6 20. Qd2 Qd7 21. Ng4
Nh7 22. Nxf6+ Rxf6 23. Nh5 Rg6 24. Kh1 d4 25. Bh2 Rf8 26. Rxf8+ Nxf8 27. Nf4
Rf6 28. Nxe6 Nxe6 29. Bg4 Qf7 30. Qe2 Nf8 31. Bg3 Nb4 32. c3 Nd5 33. cxd4 cxd4
34. Be5 Rf2 35. Qe4 Ne3 36. Bf3 Ne6 37. Bxd4 Nxd4 38. Qxe3 Nxf3 39. Qxf2 Nxe1
40. Qxe1 Qb3 41. Qe8+ Kh7 42. Qe4+ Kh8 43. Qd4 Qc2 44. h4 Qc7 45. Kg1 Qf7 46.
b4 Qe8 47. a5 Qf7 48. Qe4 Qc7 49. Kf2 Qc2+ 50. Ke3 Qc7 51. Kd2 Qf7 52. Ke2 Qc7
53. Ke3 Qf7 54. Qe5 Qf8 55. Qc5 Qf7 56. Qd6 Qe8+ 57. Kd4 Qc8 58. g3 Kh7 59. Ke4
Qg4+ 60. Ke3 Qc8 61. d4 Qc3+ 62. Ke4 Qc4 63. Ke5 Qe2+ 64. Kd5 Qb5+ 65. Ke6 Qe8+
66. Qe7 Qg6+ 67. Kd7 Qc6+ 68. Kd8 b6 69. Qe5 bxa5 70. bxa5 Qa8+ 71. Kc7 Qa7+
72. Kc6 Qf7 73. Kb6 Qg6+ 74. Kb7 Qd3 75. Ka7 Qb5 76. Qc5 Qd3 77. g4 Qe2 78. g5
hxg5 79. hxg5 Qb5 80. Qc2+ g6 81. Qc7+ Kg8 82. Qd8+ Kg7 83. Qf6+ Kh7 84. Qf7+
Kh8 85. Qf8+ Kh7 86. Qh6+ Kg8 87. Qxg6+ Kh8 88. Qf6+ Kg8 89. Qe6+ Kh8 90. Qe5+
Kh7 91. Qe7+ Kh8 92. g6 1-0

[Event "European Youth Chess Championship B18"]
[Site "Prague, Top Hotel Prague"]
[Date "2016.08.22"]
[Round "5.19"]
[White "Plenca, Jadranko"]
[Black "Bunyatov, Rustam"]
[Result "1/2-1/2"]
[WhiteElo "2389"]
[BlackElo "2230"]
[PlyCount "58"]
[EventDate "2016.08.18"]

1. e4 g6 2. d4 Bg7 3. Nc3 d6 4. Be3 c6 5. f4 b5 6. a3 a6 7. Bd3 e5 8. Nf3 Bg4
9. dxe5 dxe5 10. h3 Bxf3 11. Qxf3 exf4 12. Bxf4 Ne7 13. O-O O-O 14. Qg3 Nd7 15.
Bc7 Qe8 16. Bd6 Bd4+ 17. Kh1 f6 18. Qg4 Rf7 19. Qe6 Nf8 20. Qa2 Kg7 21. a4 Rd8
22. Bh2 Be5 23. Bxe5 fxe5 24. axb5 axb5 25. Qb3 Rxf1+ 26. Rxf1 Rd6 27. Qb4 Qd7
28. Qc5 Re6 29. Qf2 Qe8 1/2-1/2

[Event "European Youth Chess Championship B18"]
[Site "Prague, Top Hotel Prague"]
[Date "2016.08.22"]
[Round "5.20"]
[White "Triger, Ramon"]
[Black "Percivaldi, Martin"]
[Result "1/2-1/2"]
[WhiteElo "2215"]
[BlackElo "2361"]
[PlyCount "87"]
[EventDate "2016.08.18"]

1. Nf3 d5 2. g3 c6 3. Bg2 Nf6 4. O-O Bf5 5. d3 e6 6. Nbd2 Be7 7. Qe1 h6 8. e4
Bh7 9. Qe2 a5 10. a4 Na6 11. b3 Nb4 12. Ne1 dxe4 13. Nxe4 O-O 14. Bb2 Nxe4 15.
dxe4 Qc7 16. Nd3 Rfd8 17. Nxb4 axb4 18. Rad1 e5 19. Rxd8+ Rxd8 20. Rd1 f6 21.
Rxd8+ Qxd8 22. Bh3 Kh8 23. Be6 Bc5 24. Kg2 Qe7 25. Bc4 Bg6 26. Qg4 Qe8 27. f3
b6 28. Qe6 Qxe6 29. Bxe6 Be8 30. Bc1 Bd4 31. Bd2 c5 32. Kf1 Bc6 33. Ke2 g5 34.
g4 Kg7 35. Kd3 Kf8 36. c3 Bxc3 37. Bxc3 bxc3 38. Kxc3 Ke7 39. Bc4 Be8 40. Bd5
Kd6 41. Bc4 h5 42. h3 h4 43. Bb5 Bf7 44. Bc4 1/2-1/2

[Event "European Youth Chess Championship B18"]
[Site "Prague, Top Hotel Prague"]
[Date "2016.08.22"]
[Round "5.21"]
[White "Zirkelbach, Maj"]
[Black "Sawlin, Leonid"]
[Result "1/2-1/2"]
[WhiteElo "2189"]
[BlackElo "2322"]
[PlyCount "110"]
[EventDate "2016.08.18"]

1. d4 Nf6 2. Nf3 e6 3. Bg5 d5 4. e3 Be7 5. Nbd2 O-O 6. Bd3 Nbd7 7. O-O c5 8. c3
b6 9. Ne5 Nxe5 10. dxe5 Nd7 11. Bxe7 Qxe7 12. f4 Bb7 13. Nf3 f6 14. exf6 Rxf6
15. Bb5 Rd8 16. Bxd7 Qxd7 17. Ne5 Qb5 18. Qb3 Qe2 19. Rf2 Qh5 20. Qa4 a6 21.
Qb3 Rd6 22. a4 a5 23. Qb5 Rf8 24. Nd7 Rc8 25. Nxb6 Rcc6 26. Nc4 dxc4 27. Qxb7
h6 28. b3 cxb3 29. Qxb3 c4 30. Qb5 Qxb5 31. axb5 Rb6 32. Rb2 Rd3 33. Rxa5 Rxc3
34. Ra8+ Kf7 35. Rc8 Rb3 36. Re2 c3 37. Rc2 R6xb5 38. R8xc3 Rxc3 39. Rxc3 Rb2
40. h4 h5 41. Kh2 Kf6 42. Kg3 Ra2 43. Kf3 Rd2 44. Rc5 g6 45. Rc7 Rd3 46. Rc5
Rd1 47. g3 Rf1+ 48. Kg2 Re1 49. Kf2 Ra1 50. e4 Ra2+ 51. Kf3 Ra3+ 52. Kg2 Ra2+
53. Kh3 Rb2 54. Rg5 Rf2 55. Ra5 Re2 1/2-1/2

[Event "European Youth Chess Championship B18"]
[Site "Prague, Top Hotel Prague"]
[Date "2016.08.22"]
[Round "5.22"]
[White "Tuomainen, Felix"]
[Black "Capone, Nicola"]
[Result "1-0"]
[WhiteElo "2087"]
[BlackElo "2392"]
[PlyCount "159"]
[EventDate "2016.08.18"]

1. d4 Nf6 2. c4 g6 3. Nc3 Bg7 4. Nf3 O-O 5. Bg5 c5 6. d5 h6 7. Bh4 d6 8. e3 a6
9. a4 g5 10. Bg3 Qa5 11. Nd2 Ne8 12. Ra3 f5 13. Be2 Qd8 14. f4 e5 15. dxe6 Bxe6
16. O-O Nc6 17. Bf3 Nc7 18. Nd5 g4 19. Bh4 Qb8 20. Nxc7 Qxc7 21. Bd5 Bxd5 22.
cxd5 Nb4 23. a5 Bxb2 24. Rb3 Bg7 25. Nc4 Rae8 26. Be1 Re4 27. Nd2 Re7 28. e4 h5
29. e5 dxe5 30. Nc4 Qd7 31. d6 Re6 32. fxe5 Nc6 33. Qd5 Nd8 34. Bh4 Qc6 35.
Qxc6 Nxc6 36. Rxb7 Bxe5 37. Nxe5 Rxe5 38. Rc7 Nd4 39. d7 Ne6 40. Rc6 Kf7 41.
Rd1 Re4 42. Rxa6 Rb8 43. Rxe6 Kxe6 44. d8=Q Rxd8 45. Bxd8 Ra4 46. Bc7 c4 47.
Rd6+ Ke5 48. Rd1+ Ke4 49. Kf2 Ra2+ 50. Kg3 c3 51. Kh4 c2 52. Re1+ Kd3 53. Bf4
Ra4 54. Kg5 Rxa5 55. Kxh5 Rd5 56. Re3+ Kd4 57. Re8 Rc5 58. Re1 Kc3 59. Kg5 Rd5
60. h4 gxh3 61. gxh3 Kb3 62. Re8 Rc5 63. Rb8+ Kc3 64. Rd8 Kb2 65. Rb8+ Kc3 66.
Re8 Kb2 67. Re1 Rd5 68. h4 Rd1 69. Re5 Rg1+ 70. Kxf5 c1=Q 71. Rb5+ Ka3 72.
Bxc1+ Rxc1 73. h5 Ka4 74. Re5 Rc6 75. Re6 Rc1 76. Kg6 Rg1+ 77. Kf7 Rb1 78. Kg7
Rg1+ 79. Kf7 Rf1+ 80. Rf6 1-0

[Event "European Youth Chess Championship B18"]
[Site "Prague, Top Hotel Prague"]
[Date "2016.08.22"]
[Round "5.23"]
[White "Stefanov, Emil"]
[Black "Sinanovic, Ermin"]
[Result "1-0"]
[WhiteElo "2505"]
[BlackElo "2175"]
[PlyCount "53"]
[EventDate "2016.08.18"]

1. d4 f5 2. Bg5 h6 3. Bh4 g5 4. Bg3 Nf6 5. e3 Bg7 6. Bd3 d5 7. c4 c6 8. Nc3 O-O
9. h4 g4 10. Nge2 e6 11. Qc2 Nh5 12. cxd5 exd5 13. O-O-O Be6 14. Nf4 Nxf4 15.
Bxf4 Nd7 16. Bd6 Rf7 17. Kb1 b5 18. Ne2 Nb6 19. Bc5 Nc4 20. Nf4 Bc8 21. b3 Nd6
22. f3 a5 23. Rc1 Ra6 24. Bxd6 Qxd6 25. Bxb5 cxb5 26. Qxc8+ Rf8 27. Qc5 1-0

[Event "European Youth Chess Championship B18"]
[Site "Prague, Top Hotel Prague"]
[Date "2016.08.22"]
[Round "5.24"]
[White "Laiz, Ibanez Hector"]
[Black "Garriga, Cazorla Pere"]
[Result "1-0"]
[WhiteElo "2229"]
[BlackElo "2392"]
[PlyCount "107"]
[EventDate "2016.08.18"]

1. e4 c5 2. Nf3 d6 3. d4 cxd4 4. Nxd4 Nf6 5. Nc3 a6 6. a4 Nc6 7. Nxc6 bxc6 8.
a5 g6 9. Bc4 Qc7 10. O-O Bg7 11. Be3 O-O 12. Qe2 e6 13. e5 dxe5 14. Na4 Bb7 15.
Bb6 Qb8 16. Nc5 Nd5 17. Nd7 Qd6 18. Nxf8 Qxf8 19. Rfd1 f5 20. f3 g5 21. Qf2 h5
22. Bc5 Qf7 23. Bf1 g4 24. Ra3 Qg6 25. Rb3 Qf7 26. c4 Nf6 27. Qe1 Re8 28. Qb4
Bc8 29. Qb6 gxf3 30. Qxc6 e4 31. Rb8 Bd7 32. Rxe8+ Qxe8 33. Qxa6 fxg2 34. Bxg2
f4 35. Qb6 Kh7 36. a6 f3 37. Bf1 Bc6 38. Rd8 Qg6+ 39. Kf2 Ng4+ 40. Ke1 Ba4 41.
Qb4 Qg5 42. Rd1 Qh4+ 43. Kd2 Bh6+ 44. Kc3 Bxd1 45. Qb7+ Bg7+ 46. Kb4 Qe1+ 47.
Kb5 Qd2 48. Qxe4+ Kh8 49. Qa8+ Kh7 50. Qe4+ Kh8 51. a7 Qd7+ 52. Ka5 Qd8+ 53.
Bb6 Qd2+ 54. Ka6 1-0

[Event "European Youth Chess Championship B18"]
[Site "Prague, Top Hotel Prague"]
[Date "2016.08.22"]
[Round "5.25"]
[White "Grigorian, Spartak"]
[Black "Thorgeirsson, Jon Kristinn"]
[Result "1-0"]
[WhiteElo "2340"]
[BlackElo "2151"]
[PlyCount "113"]
[EventDate "2016.08.18"]

1. c4 e5 2. g3 Nf6 3. Bg2 Nc6 4. Nc3 Bc5 5. Nf3 O-O 6. O-O Re8 7. d3 h6 8. a3
a5 9. Rb1 d6 10. h3 Bf5 11. e4 Be6 12. Nd5 Bxd5 13. cxd5 Nd4 14. Be3 c6 15.
Bxd4 exd4 16. dxc6 bxc6 17. Qa4 Qb6 18. Rfc1 Nd7 19. Nd2 Reb8 20. f4 Qa6 21.
Nc4 Qb5 22. b3 Ra7 23. Bf3 Rab7 24. Qxa5 Ra7 25. Qxb5 cxb5 26. Nd2 Bxa3 27. Rc6
Bb4 28. Nf1 Kf8 29. Nh2 Nc5 30. Rxd6 Nxd3 31. Rd5 Ra2 32. Ng4 Ne1 33. Bh1 Rc8
34. Rxb5 d3 35. Rxb4 d2 36. Rd1 Rc1 37. Ne3 Nc2 38. Rb8+ Ke7 39. Nd5+ Kd7 40.
Bf3 Nd4 41. Bg4+ f5 42. exf5 Rxd1+ 43. Bxd1 Ra1 44. Ne3 Nxf5 45. Kf2 Nxe3 46.
Kxe3 Rxd1 47. Rb7+ Ke6 48. Rxg7 Kf6 49. Rg8 Kf7 50. Rd8 Rg1 51. Kxd2 Rxg3 52.
Rd3 Rg2+ 53. Ke3 Kf6 54. Ke4 Re2+ 55. Re3 Rd2 56. Rc3 Re2+ 57. Kd5 1-0

[Event "European Youth Chess Championship B18"]
[Site "Prague, Top Hotel Prague"]
[Date "2016.08.22"]
[Round "5.26"]
[White "Filipets, Egor"]
[Black "Miknevicius, Laurynas"]
[Result "1-0"]
[WhiteElo "2301"]
[BlackElo "2150"]
[PlyCount "95"]
[EventDate "2016.08.18"]

1. e4 c5 2. Nf3 g6 3. d4 cxd4 4. Nxd4 Nc6 5. Nc3 Bg7 6. Be3 Nf6 7. Nxc6 bxc6 8.
e5 Ng8 9. Bd4 f6 10. f4 Qc7 11. Bc4 fxe5 12. fxe5 Bxe5 13. Qf3 Nf6 14. O-O-O d5
15. Rhe1 Bg4 16. Qf1 Bf4+ 17. Kb1 O-O 18. Bxf6 exf6 19. Rxd5 cxd5 20. Nxd5 Qd6
21. h3 Kh8 22. hxg4 Be5 23. Qd3 Rab8 24. c3 Rb7 25. Rh1 Rg7 26. b4 Rc8 27. Kc2
Qc6 28. Kb3 Qe8 29. Rh3 Rd8 30. a4 Qd7 31. Qe4 Rf8 32. a5 Bd6 33. Rd3 Qc8 34.
Re3 f5 35. Qd4 fxg4 36. Nf6 Rd8 37. Be6 Qc7 38. Nd5 Qc6 39. Qxg4 Bf8 40. Qd4 h6
41. c4 Re8 42. Qf6 Qd6 43. c5 Qd8 44. Qxd8 Rxd8 45. c6 Bd6 46. b5 Rb8 47. Kc4
Bh2 48. Rh3 1-0

[Event "European Youth Chess Championship B18"]
[Site "Prague, Top Hotel Prague"]
[Date "2016.08.22"]
[Round "5.27"]
[White "Jablonicky, Martin"]
[Black "Bakhmatsky, Vladislav"]
[Result "0-1"]
[WhiteElo "2198"]
[BlackElo "2296"]
[PlyCount "116"]
[EventDate "2016.08.18"]

1. Nf3 Nf6 2. d4 g6 3. g3 Bg7 4. Bg2 O-O 5. O-O d6 6. c4 Nbd7 7. Nc3 e5 8. e4
c6 9. h3 Qa5 10. Be3 exd4 11. Nxd4 Ne5 12. Qe2 Be6 13. Nxe6 fxe6 14. f4 Nf7 15.
Rab1 Rad8 16. b4 Qc7 17. Rfc1 Nd7 18. h4 Rfe8 19. h5 Nf8 20. a4 a6 21. a5 Qe7
22. Bf2 Qf6 23. b5 e5 24. bxa6 bxa6 25. hxg6 hxg6 26. f5 gxf5 27. exf5 e4 28.
Bb6 d5 29. cxd5 cxd5 30. Bxd8 Rxd8 31. Qf1 Bh6 32. Rc2 Be3+ 33. Kh1 Ng5 34. Bh3
Rd7 35. Nd1 Bd4 36. Rh2 Nf3 37. Nf2 Qg5 38. Rb8 Nxh2 39. Kxh2 Qd2 40. Kg2 e3
41. f6 Rd6 42. Bf5 Rxf6 43. g4 Qxf2+ 44. Qxf2 exf2 45. Rd8 Be3 46. Rxd5 Ng6 47.
Rd8+ Kg7 48. Rd7+ Kh6 49. Kf1 Rc6 50. Rd1 Nf4 51. Be4 Rc5 52. Ra1 Rc7 53. Rd1
Kg5 54. Rb1 Kxg4 55. Bb7 Kh4 56. Bg2 Nxg2 57. Rb4+ Nf4 58. Rc4 Rg7 0-1

[Event "European Youth Chess Championship B18"]
[Site "Prague, Top Hotel Prague"]
[Date "2016.08.22"]
[Round "5.28"]
[White "Nastase, Robert-Paul"]
[Black "Hollan, Petr"]
[Result "0-1"]
[WhiteElo "2163"]
[BlackElo "2292"]
[PlyCount "90"]
[EventDate "2016.08.18"]

1. e4 c5 2. Nf3 Nc6 3. d4 cxd4 4. Nxd4 Nf6 5. Nc3 e5 6. Ndb5 d6 7. Bg5 a6 8.
Na3 b5 9. Bxf6 gxf6 10. Nd5 f5 11. Bd3 Be6 12. c3 Bg7 13. Nxb5 axb5 14. Bxb5
Bd7 15. exf5 O-O 16. O-O Rb8 17. a4 e4 18. Re1 Re8 19. Qh5 Re5 20. Ne3 Ne7 21.
Bxd7 Qxd7 22. a5 Nxf5 23. Qh3 Qe6 24. a6 Ra8 25. Ra3 Nxe3 26. Qxe6 Rxe6 27.
fxe3 d5 28. Rea1 Rb6 29. R1a2 Kf8 30. Kf2 Ke7 31. b4 Kd6 32. Ke2 Be5 33. h3 f5
34. Kd1 Rc6 35. Kc2 f4 36. exf4 Bxf4 37. Kd1 Be5 38. Kd2 e3+ 39. Kd3 e2 40.
Rxe2 Rcxa6 41. Rxa6+ Rxa6 42. Re3 Ra3 43. Kc2 d4 44. Rd3 Rxc3+ 45. Rxc3 dxc3
0-1

[Event "European Youth Chess Championship B18"]
[Site "Prague, Top Hotel Prague"]
[Date "2016.08.22"]
[Round "5.29"]
[White "Patrascu, Catalin-Lucian"]
[Black "Holtman, Teodor"]
[Result "1/2-1/2"]
[WhiteElo "2286"]
[BlackElo "2124"]
[PlyCount "82"]
[EventDate "2016.08.18"]

1. e4 d5 2. exd5 Nf6 3. d4 Bg4 4. f3 Bf5 5. Bb5+ Nbd7 6. Nc3 a6 7. Ba4 b5 8.
Bb3 Nb6 9. Nge2 Nbxd5 10. Nxd5 Nxd5 11. Ng3 Bc8 12. Ne4 e6 13. Bg5 Qd7 14. Qe2
Bb7 15. c3 Bd6 16. O-O h6 17. Bh4 a5 18. a4 bxa4 19. Bxa4 Bc6 20. Bxc6 Qxc6 21.
c4 Nf4 22. Qd2 Ng6 23. Nxd6+ cxd6 24. Bg3 O-O 25. Rfc1 a4 26. Qb4 e5 27. c5
Rfb8 28. Qd2 dxc5 29. dxe5 Rb3 30. Rc2 Qb6 31. Bf2 Nxe5 32. Qd5 Re8 33. Qxc5
Qg6 34. Bg3 Nd3 35. Qd4 Nb4 36. Rd2 Qc6 37. Rad1 Nc2 38. Qf4 Rxb2 39. Rd7 Qe6
40. Qxa4 Nb4 41. R7d2 Rxd2 1/2-1/2

[Event "European Youth Chess Championship B18"]
[Site "Prague, Top Hotel Prague"]
[Date "2016.08.22"]
[Round "5.30"]
[White "Markocic, Tine"]
[Black "Karas, Marek"]
[Result "1/2-1/2"]
[WhiteElo "2073"]
[BlackElo "2278"]
[PlyCount "42"]
[EventDate "2016.08.18"]

1. e4 c5 2. Nf3 Nc6 3. d4 cxd4 4. Nxd4 Nf6 5. Nc3 d6 6. Bc4 e6 7. Bb3 Bd7 8.
O-O a6 9. a4 Be7 10. Kh1 O-O 11. f4 Rc8 12. f5 Nxd4 13. Qxd4 exf5 14. exf5 Qa5
15. Bd2 Qc5 16. Qd3 Bc6 17. Be3 Qa5 18. Bd4 Nd7 19. Qg3 Bf6 20. Bxf6 Nxf6 21.
Qxd6 Rcd8 1/2-1/2

[Event "European Youth Chess Championship B18"]
[Site "Prague, Top Hotel Prague"]
[Date "2016.08.22"]
[Round "5.31"]
[White "Havelka, Josef"]
[Black "Levitan, Tal"]
[Result "1-0"]
[WhiteElo "2277"]
[BlackElo "2099"]
[PlyCount "109"]
[EventDate "2016.08.18"]

1. e4 e5 2. Nf3 Nc6 3. Bb5 a6 4. Ba4 Nf6 5. O-O Nxe4 6. d4 b5 7. Bb3 d5 8. dxe5
Be6 9. Nbd2 Bc5 10. Nxe4 dxe4 11. Ng5 Qxd1 12. Rxd1 Bxb3 13. axb3 Bd4 14. Nxe4
Bxe5 15. Rd5 f6 16. c3 Ne7 17. Rd1 f5 18. Nc5 Kf7 19. Bg5 Bd6 20. Nb7 h6 21.
Be3 Nc8 22. Rd5 Ne7 23. Nxd6+ Ke6 24. Rd3 cxd6 25. Bf4 d5 26. Re1+ Kf7 27. Bd6
Rhe8 28. Bxe7 Rxe7 29. Rxe7+ Kxe7 30. Rxd5 Ke6 31. Rd4 a5 32. Kf1 g5 33. Ke2
Re8 34. Kd3 Rb8 35. Kc2 h5 36. c4 bxc4 37. bxc4 a4 38. h4 g4 39. c5 Rc8 40.
Rxa4 Rxc5+ 41. Kb3 Rd5 42. g3 Rd8 43. Kc3 Rc8+ 44. Rc4 Ra8 45. Kd3 Ke5 46. Rc5+
Ke6 47. b4 Ra1 48. b5 Rb1 49. Kc3 Rc1+ 50. Kb4 Rb1+ 51. Ka5 Rb2 52. b6 Ra2+ 53.
Kb5 Rxf2 54. Kc6 Rb2 55. b7 1-0

[Event "European Youth Chess Championship B18"]
[Site "Prague, Top Hotel Prague"]
[Date "2016.08.22"]
[Round "5.32"]
[White "Fossan, Andreas"]
[Black "Egri, Laszlo Jr"]
[Result "0-1"]
[WhiteElo "2023"]
[BlackElo "2257"]
[PlyCount "82"]
[EventDate "2016.08.18"]

1. d4 Nf6 2. c4 c5 3. d5 e6 4. Nc3 exd5 5. cxd5 d6 6. e4 g6 7. f4 Bg7 8. Bb5+
Nfd7 9. Nf3 O-O 10. O-O a6 11. Bd3 b5 12. Kh1 Re8 13. a3 c4 14. Bc2 Qb6 15. Qe1
Nc5 16. Be3 Nbd7 17. Qf2 Bb7 18. Rad1 Rac8 19. f5 b4 20. axb4 Qxb4 21. Bd4 Bxd4
22. Nxd4 Ne5 23. f6 Qxb2 24. Qf4 Kh8 25. Na4 Nxa4 26. Bxa4 Rg8 27. Nf3 Nxf3 28.
Rxf3 Qe5 29. Qh4 g5 30. Qg4 Rcd8 31. Bd7 Bc8 32. Bf5 Rde8 33. g3 Bxf5 34. exf5
Qe2 35. Rdf1 Re3 36. R1f2 Qd1+ 37. Rf1 Qxd5 38. Kg1 Rxf3 39. Rxf3 Qd1+ 40. Kg2
Qe2+ 41. Kh3 c3 0-1

[Event "European Youth Chess Championship B18"]
[Site "Prague, Top Hotel Prague"]
[Date "2016.08.22"]
[Round "5.33"]
[White "Tokranovs, Dmitrijs"]
[Black "Garanin, Aleksei"]
[Result "0-1"]
[WhiteElo "2257"]
[BlackElo "2118"]
[PlyCount "52"]
[EventDate "2016.08.18"]

1. e4 c5 2. c3 d5 3. exd5 Qxd5 4. d4 Nc6 5. Nf3 Bf5 6. dxc5 Qxd1+ 7. Kxd1 Nf6
8. Bb5 O-O-O+ 9. Ke1 e5 10. Be3 Ng4 11. b4 Be7 12. h3 Nxe3 13. fxe3 Bd3 14.
Bxd3 Rxd3 15. Ke2 Rhd8 16. Rc1 e4 17. Nfd2 f5 18. Nc4 Bf6 19. a3 Ne7 20. Ra2
Nd5 21. Nd6+ Kb8 22. Nxf5 Nxe3 23. Nxe3 Bg5 24. Re1 Rxe3+ 25. Kf1 Rf8+ 26. Rf2
Rxe1+ 0-1